000 00459nam a2200193Ia 4500
005 20240814094401.0
008 131103s9999 xx 000 0 und d
020 _cRs.3.40
040 _aLoreto College
041 _aEnglish
082 _a891.43
_bGAU
100 _aGaur, Gansadan
245 _aSahitya parichay
_cGansadan Gaur
260 _aDelhi
_bNabadeep
_c[19?]
300 _a160p
650 _aHindi literature
850 _aLCBED
942 _cBK
999 _c35283
_d85762